Understanding heritage Perspective in heritage studies.

Salvato in:
Dettagli Bibliografici
Natura: Libro
Lingua:inglese
Pubblicazione: De Gruyter. 2013
Tags: Aggiungi Tag
Nessun Tag, puoi essere il primo ad aggiungerne!!

MARC

LEADER 00000nam a22000007a 4500
008 210913b ||||| |||| 00| 0 eng d
020 |a 9783110308303 
245 |a Understanding heritage  |b Perspective in heritage studies.  |c Edited by ; Marie-Theres Albert ,Roland Bernecker (and) Britta Rudoff.  |g x,200p: ill. 
260 |b De Gruyter.  |c 2013  |d Book  |h Germany  |i 696836  |i 696837  |l  HM 1206.U2.  |m Social Media.  |m  Technological innovations-social aspects.  |m Cultural property. 
500 |a " It includes references and index". 
942 |a lcc  |c BK  |e Olagoke, M.A.  |f 13/09/2021 
952 |0 0  |1 0  |2 lcc  |4 0  |7 0  |9 3551  |a HOL  |b SSL  |c GJ  |d 2021-09-13  |o HM 1206.U2  |p 2021-67283  |r 2021-09-13 00:00:00  |t 696836  |w 2021-09-13  |y BK 
952 |0 0  |1 0  |2 lcc  |4 0  |7 0  |9 3552  |a HOL  |b HOL  |c GJ  |d 2021-09-13  |o HM 1206.U2  |p 2021-67284  |r 2021-09-13 00:00:00  |t 696837  |w 2021-09-13  |y BK 
999 |c 1759  |d 1759